banner-ar

المدينة فى سورية واقاليمها : (Record no. 66684)

MARC details
000 -الفاتح
حقل البيانات ثابتة الطول 00953nam a22002177a 4500
005 - وقت وتاريخ اخر تعامل مع التسجيلة
رقم الضبط 20240530110933.0
008 - عناصر البيانات ثابتة الطول - معلومات عامة
حقل البيانات ثابتة الطول 220214s2004 ua a g 000 0 ara d
017 ## - رقم الايداع القانونى
المصدر ( الهيئة المختصة) مصر. دار الكتب
040 ## - مصدر الفهرسة
وكالة الفهرسة الأصلية EG-CaGPL
وكالة النسخ EG-CaGPL
082 04 - رقم تصنيف ديوى العشرى
رقم الطبعة 21
رقم التصنيف 915.65\
رقم المادة م م
100 0# - المدخل الرئيسى - إسم شخصى
الإسم الشخصى مجموعة من المؤلفين
245 12 - بيان العنوان
العنوان المدينة فى سورية واقاليمها :
بقية العنوان الموروثات والمتحولات /
بيان المسئوليه,etc مجموعة من المؤلفين ؛ اشراف جان كلود دافيد ، محمد الدبيات ؛ ترجمة محمد الدبيات
250 ## - بيان الطبعة
بيان الطبعة ط. 1
260 ## - PUBLICATION, DISTRIBUTION, ETC. (IMPRINT)
تاريخ النشر أو التوزيع 2004
300 ## - الوصف المادى
التعداد 585 ص. ؛
أبعاد الوعاء 24 سم
650 07 - المدخل الاضافى بالموضوع-مصطلح موضوعى
مصدر الرأس أو المصطلح qrmak
مصطلح موضوعي الاحياء السكنية
التقسيم الفرعي الجغرافي سوريا
650 07 - المدخل الاضافى بالموضوع-مصطلح موضوعى
مصطلح موضوعي تخطيط المدن
التقسيم الفرعي الجغرافي سوريا
700 0# - المدخل الاضافى - اسم شخصى
الإسم الشخصى محمد الدبيات
الدور مترجم ومشرف
942 ## - عناصر المدخل الإضافي( كوها)
مصدر التصنيف او مخطط الترفيف Dewey Decimal Classification
Koha [default] item type كتاب
260 ## - PUBLICATION, DISTRIBUTION, ETC. (IMPRINT)
-- دمشق :
-- دار الجندى للنشر والتوزيع،
Holdings
حالة التراجع حالة الفقد حالة تلف ليس للاعارة المكان المؤقت الموقع الحالى موقع الترفيف تاريخ الاكتساب اجمالي اﻻعارات رقم الطلب الباركود تاريخ اخر مشاهدة تاريخ تفعيل السعر نوع وعاء كوها
        مكتبة القاهرة الكبرى مكتبة القاهرة الكبرى ق الرئيسية_التاريخ والجغرافيا_ك عربى 09/13/2022   915.65\ م م 168456 09/13/2022 09/13/2022 كتاب

Powered By

EGPV